Countries that Begin with C - Statistics

General Stats
  • This quiz has been taken 65 times
    51 since last reset
  • The average score is 12 of 17
Answer Stats
Answer % Correct
China
90%
Chile
83%
Colombia
83%
Canada
80%
Cambodia
78%
Croatia
78%
Cuba
78%
Cameroon
75%
Comoros
73%
Chad
68%
Democratic Republic of the Congo
60%
Republic of the Congo
60%
Cyprus
58%
Czech Republic
58%
Cape Verde
55%
Costa Rica
50%
Central African Republic
48%
No matching quizzes found
Score Distribution
Percent of People with Each Score
Percentile by Number Answered
Your Score History
You have not taken this quiz since the last reset